<?xml version="1.0" encoding="UTF-8"?>
<collection xmlns="http://www.loc.gov/MARC21/slim">
    <record>
        <controlfield tag="001">85254</controlfield>
        <controlfield tag="005">20191118101530.0</controlfield>
        <datafield tag="037" ind1=" " ind2=" ">
            <subfield code="a">TAZ-TFG-2019-2702</subfield>
        </datafield>
        <datafield tag="041" ind1=" " ind2=" ">
            <subfield code="a">spa</subfield>
        </datafield>
        <datafield tag="100" ind1="1" ind2=" ">
            <subfield code="a">Muñoz Vidal, Beatriz</subfield>
        </datafield>
        <datafield tag="242" ind1="0" ind2="0">
            <subfield code="a">Study of the oxidation of ammonia-methane mixtures as alternative fuel in combustion processes</subfield>
        </datafield>
        <datafield tag="245" ind1="0" ind2="0">
            <subfield code="a">Estudio de la oxidación de mezclas amoniaco-metano como combustible alternativo en procesos de combustión</subfield>
        </datafield>
        <datafield tag="260" ind1=" " ind2=" ">
            <subfield code="a">Zaragoza</subfield>
            <subfield code="b">Universidad de Zaragoza</subfield>
            <subfield code="c">2019</subfield>
        </datafield>
        <datafield tag="506" ind1=" " ind2=" ">
            <subfield code="a">by-nc-sa</subfield>
            <subfield code="b">Creative Commons</subfield>
            <subfield code="c">3.0</subfield>
            <subfield code="u">http://creativecommons.org/licenses/by-nc-sa/3.0/</subfield>
        </datafield>
        <datafield tag="520" ind1=" " ind2=" ">
            <subfield code="a">Actualmente, existe un problema con la emisión de contaminantes producida por el uso de combustibles fósiles. Es por ello que se están buscando alternativas de combustible, siendo el amoniaco una posible opción de combustible renovable alternativo basado en hidrógeno que se podría utilizar a gran escala.&lt;br />El presente trabajo se basa en el análisis del proceso de combustión de mezclas de amoniaco y metano en un intervalo de temperaturas comprendido entre 600ºC y 1200ºC, variando la estequiometría, así como la relación NH3/CH4. &lt;br />Además, se ha estudiado la influencia de las variables mencionadas sobre la formación de productos de reacción. Para ello se han realizado una serie de experimentos de conversión de amoniaco y metano, a escala de laboratorio, en un reactor de flujo situado en el interior de un horno eléctrico. Se ha analizado el efecto que tiene la temperatura de reacción y la estequiometría aire/combustible sobre el proceso de conversión de la mezcla NH3/CH4 y de la formación de los productos de la reacción, incluyendo los óxidos de nitrógeno NO, NO2 y N2O. &lt;br />Los resultados obtenidos servirán para ampliar el conocimiento sobre la utilización de amoniaco más metano como alternativa a los combustibles tradicionales.&lt;br />&lt;br /></subfield>
        </datafield>
        <datafield tag="521" ind1=" " ind2=" ">
            <subfield code="a">Graduado en Ingeniería de Tecnologías Industriales</subfield>
        </datafield>
        <datafield tag="540" ind1=" " ind2=" ">
            <subfield code="a">Derechos regulados por licencia Creative Commons</subfield>
        </datafield>
        <datafield tag="700" ind1=" " ind2=" ">
            <subfield code="a">Abián Vicén, María</subfield>
            <subfield code="e">dir.</subfield>
        </datafield>
        <datafield tag="710" ind1="2" ind2=" ">
            <subfield code="a">Universidad de Zaragoza</subfield>
            <subfield code="b">Ingeniería Química y Tecnologías del Medio Ambiente</subfield>
            <subfield code="c">Tecnologías del Medio Ambiente</subfield>
        </datafield>
        <datafield tag="720" ind1="2" ind2=" ">
            <subfield code="a">Alzueta Anía, Mª Uxué</subfield>
            <subfield code="e">ponente</subfield>
        </datafield>
        <datafield tag="856" ind1="0" ind2=" ">
            <subfield code="f">699860@celes.unizar.es</subfield>
        </datafield>
        <datafield tag="856" ind1="4" ind2=" ">
            <subfield code="s">2957402</subfield>
            <subfield code="u">http://zaguan.unizar.es/record/85254/files/TAZ-TFG-2019-2702.pdf</subfield>
            <subfield code="y">Memoria (spa)</subfield>
        </datafield>
        <datafield tag="909" ind1="C" ind2="O">
            <subfield code="o">oai:zaguan.unizar.es:85254</subfield>
            <subfield code="p">driver</subfield>
            <subfield code="p">trabajos-fin-grado</subfield>
        </datafield>
        <datafield tag="950" ind1=" " ind2=" ">
            <subfield code="a"></subfield>
        </datafield>
        <datafield tag="951" ind1=" " ind2=" ">
            <subfield code="a">deposita:2019-11-18</subfield>
        </datafield>
        <datafield tag="980" ind1=" " ind2=" ">
            <subfield code="a">TAZ</subfield>
            <subfield code="b">TFG</subfield>
            <subfield code="c">EINA</subfield>
        </datafield>
        <datafield tag="999" ind1=" " ind2=" ">
            <subfield code="a">20190628180835.CREATION_DATE</subfield>
        </datafield>
    </record>

    
</collection>